000 00295nam a22001337a 4500
008 170715b xxu||||| |||| 00| 0 eng d
020 _a9780300036428
041 _aeng
080 _a2
100 _a24
101 _aANT
245 _aCHRTIANIZING THE ROMAN EMPIRE
_cMULLEN,R
942 _2udc
_cBK
999 _c21174
_d21174